[Event "3rd Stars Cup 2019"]
[Site "Anzali"]
[Date "2019.02.15"]
[Round "5.4"]
[White "Pourramezanali, Amirreza"]
[Black "Tiviakov, Sergei"]
[Result "1/2-1/2"]
[WhiteElo "2529"]
[BlackElo "2610"]
[Annotator "TA"]
[PlyCount "129"]
[EventDate "2019.02.12"]
[EventType "schev"]
[EventCountry "IRI"]
[SourceTitle "playchess.com"]
[Source "ChessBase"]
[SourceQuality "1"]

{[%evp 19,129,22,38,43,49,35,42,36,54,27,68,37,43,27,42,35,72,89,82,62,80,73,128,73,73,80,74,80,127,125,116,114,134,96,97,101,158,159,157,116,122,87,88,89,91,53,53,56,92,93,95,95,95,91,96,92,87,94,89,91,176,172,283,277,226,167,164,-11,-11,-11,-11,-11,-10,-10,-10,-10,-10,-10,-8,-8,-8,-10,-10,-11,-8,-8,-5,-9,-8,-14,-14,-14,0,0,0,0,0,0,0,0,0,0,0,0,0,0,0,0,0,0,0,0]} 1. e4 d5 2. exd5 Qxd5 3. Nc3 Qd6 4. d4 Nf6 5. Nf3 a6 6. g3 Bg4 7. Bg2 {B01: Scandinavian Defence} c6 8. O-O e6 9. Bf4 (9. h3 Bxf3 10. Bxf3 Be7 11. b3 O-O 12. Bb2 Nbd7 13. Ne2 Rad8 14. Re1 Rfe8 {0-1 (64) Hou,Y (2663)-Megaranto,S (2535) Almaty 2016}) 9... Qd8 10. h3 Bxf3 {LiveBook: 3 Games} 11. Qxf3 Bd6 12. Be5 Be7 $146 ({Predecessor:} 12... Qe7 13. Qf4 Bxe5 14. dxe5 Nd5 15. Nxd5 exd5 {½-½ (30) Herzog,K (1868)-Reichelt,H (1912) GER email 2011}) 13. g4 {[%cal Bg3g4,Bg4g5][%mdl 32]} Nbd7 14. Bg3 O-O 15. g5 Ne8 16. h4 Nb6 17. Ne4 Qxd4 18. Rfd1 Qa4 19. b3 {[%mdl 1024] White has strong compensation.} Qa5 20. c4 Rd8 (20... f5 $142) 21. Qe3 ({Better is} 21. Rxd8 Bxd8 22. Rd1) 21... Nc8 $16 {[#]} 22. c5 $1 Rd5 23. a3 {[%cal Ba2a3,Ba3a4][%mdl 32]} g6 24. b4 Qd8 25. Nc3 Ng7 26. Nxd5 cxd5 27. Bh3 Na7 (27... Re8 $142 28. Rac1 Na7) 28. a4 Qd7 29. Be5 Rc8 30. Bb2 Bf8 31. Rdc1 Nc6 32. Rab1 Ne7 33. b5 Nef5 34. Bxf5 Nxf5 35. c6 $36 {[%mdl 2048] White has strong initiative.} bxc6 36. bxc6 Rxc6 37. Qe5 {[%csl Gb2][%cal Re5h8]} Rxc1+ 38. Rxc1 {[%csl Gb2][%cal Re5h8]} d4 {[#] ...Qb7 is the strong threat.} 39. Qb8 $1 {Black must now prevent Ba3.} e5 ({Stronger than} 39... Qxa4 40. Rc8 Kg7 41. Qe5+ Kg8 42. Qc5 Ne7 43. Qxe7 Qd1+ 44. Kh2 Qg1+ 45. Kxg1 h5 46. Rxf8+ Kh7 47. Qxf7#) (39... Ne7 $16 {was worth a try.}) 40. Rc8 $18 ({Weaker is} 40. Qxe5 Nxh4 41. Qg3 Nf5 $15) ({Worse is} 40. Ba3 Ne7 $14) 40... Qe7 (40... Qd6 {is a better defense.}) 41. Re8 Qd6 42. Qxd6 Nxd6 43. Rxe5 $2 (43. Rd8 $18 Nc4 44. Ba1) 43... Nc4 $1 $11 {[%csl LRb2,LRe5] The position is equal.} 44. Bxd4 Nxe5 45. Bxe5 {[%mdl 4096] Endgame KB-KB} Bc5 46. Kg2 Kf8 47. Bg3 Ke7 48. Kf3 f5 49. gxf6+ $1 Kxf6 50. Ke4 Ke6 51. f3 {[%cal Bf2f3,Bf3f4,Bf4f5][%mdl 32]} h5 52. Be1 Be7 53. f4 Bf6 54. Bg3 Bd8 55. Be1 Kd6 56. Bf2 Bf6 57. Be1 Kc5 58. f5 g5 59. hxg5 Bxg5 60. Ke5 h4 61. f6 Bxf6+ 62. Kxf6 h3 {And now ...h2 would win.} 63. Bg3 Kb4 64. Kg5 Kxa4 65. Kg4 $1 {Precision: White = 67%, Black = 72%.} 1/2-1/2

[Event "3rd Stars Cup 2019"]
[Site "Anzali"]
[Date "2019.02.15"]
[Round "6.1"]
[White "Safarli, Eltaj"]
[Black "Firouzja, Alireza"]
[Result "1/2-1/2"]
[WhiteElo "2681"]
[BlackElo "2618"]
[Annotator "TA"]
[PlyCount "40"]
[EventDate "2019.02.12"]
[EventType "schev"]
[EventCountry "IRI"]
[SourceTitle "playchess.com"]
[Source "ChessBase"]
[SourceQuality "1"]

{[%evp 16,20,25,29,25,17,28]} 1. Nf3 Nf6 2. g3 b6 3. Bg2 Bb7 4. O-O g6 5. b3 Bg7 6. Bb2 O-O 7. c4 c5 8. Nc3 Nc6 9. d4 Nxd4 {A30: Symmetrical English: Double Fianchetto and Hedgehog} 10. Nxd4 Bxg2 {Predecessor:} 11. Kxg2 $146 cxd4 12. Qxd4 d6 13. Rad1 Nd7 14. Qd2 Nc5 15. Nd5 Bxb2 16. Qxb2 f6 17. b4 Nd7 18. Qb3 Rf7 19. Rd4 Ne5 20. f4 Nc6 {1-0 (65) Meier,G (2639)-Lenderman,A (2630) chess.com INT 2018} 1/2-1/2

[Event "3rd Stars Cup 2019"]
[Site "Anzali"]
[Date "2019.02.15"]
[Round "6.2"]
[White "Alekseev, Evgeny"]
[Black "Tabatabaei, M.Amin"]
[Result "1/2-1/2"]
[WhiteElo "2639"]
[BlackElo "2590"]
[Annotator "TA"]
[PlyCount "24"]
[EventDate "2019.02.12"]
[EventType "schev"]
[EventCountry "IRI"]
[SourceTitle "playchess.com"]
[Source "ChessBase"]
[SourceQuality "1"]

{[%evp 15,20,23,47,58,24,7,20]} 1. Nf3 d5 2. d4 Nf6 3. c4 c6 4. e3 g6 5. Nc3 Bg7 6. Be2 O-O 7. O-O a6 8. b3 b5 {LiveBook: 28 Games. D94: Grünfeld: 4 Nf3 Bg7 5 e3} (8... Bg4 9. h3 Bxf3 10. Bxf3 e6 11. Bb2 Nbd7 12. Qc2 Qe7 13. a4 Rfd8 14. Ba3 Qe8 15. Rfd1 Bf8 16. Bb2 {½-½ (48) Navara,D (2737)-Ivanchuk,V (2738) Prague 2017}) 9. cxd5 cxd5 10. Ne5 Bb7 {Predecessor:} 11. Nd3 $146 Nbd7 12. Ba3 Re8 {1-0 (84) Titz,H (2201)-Hartl,D (2188) Austria 2008} 1/2-1/2

[Event "3rd Stars Cup 2019"]
[Site "Anzali"]
[Date "2019.02.15"]
[Round "6.3"]
[White "Bosiocic, Marin"]
[Black "Pourramezanali, Amirreza"]
[Result "1-0"]
[WhiteElo "2618"]
[BlackElo "2529"]
[Annotator "TA"]
[PlyCount "129"]
[EventDate "2019.02.12"]
[EventType "schev"]
[EventCountry "IRI"]
[SourceTitle "playchess.com"]
[Source "ChessBase"]
[SourceQuality "1"]

{[%evp 15,129,0,6,0,12,6,12,25,19,0,14,18,9,8,6,6,0,3,4,9,7,15,2,0,0,-13,9,10,3,0,-15,-58,-50,-60,-61,-96,-89,-89,-99,-95,0,0,0,0,0,0,0,-30,-28,-66,-53,-86,96,89,338,172,152,166,175,130,153,89,151,154,192,34,63,63,474,456,415,407,388,389,331,0,0,0,29976,29977,29977,0,0,0,29977,29978,29978,6150,4631,3106,984,0,0,0,29978,29979,29979,29980,29980,29981,29981,29982,12189,0,29972,29971,29984,29985,29986,29986,29986,29986,29986,29984,29983,29984]} 1. e4 e6 2. d4 d5 3. Nc3 Bb4 4. e5 c5 5. a3 Bxc3+ 6. bxc3 Qa5 7. Bd2 Qa4 8. Qg4 Kf8 9. Qd1 {C18: French: 3 Nc3 Bb4: Main line: 7 h4 and 7 Qg4} (9. h4 Nc6 10. h5 h6 11. Qd1 cxd4 12. Nf3 dxc3 13. Bxc3 g5 14. hxg6 Qe4+ 15. Be2 Qxg6 16. Qd2 Nge7 17. Bd3 Qxg2 18. Ke2 Qg4 19. Rh4 Qg7 20. Rg1 Ng6 21. Rf4 Nce7 22. Bb4 a5 23. Rxg6 {1-0 (23) Caruana,F (2804)-Lenderman,A (2599) Saint Louis 2018}) 9... b6 10. dxc5 Qe4+ 11. Qe2 $146 {The position is equal.} ({Predecessor:} 11. Be3 Qxe5 12. c4 bxc5 13. Nf3 Qd6 14. Qd2 Nf6 15. Bf4 Qe7 16. Bd3 Nc6 {½-½ (34) Kleiser,G (2325)-Van der Plas,R (2250) ICCF email 2014}) 11... Qxc2 12. Qe3 Ba6 13. Bxa6 Nxa6 14. cxb6 Qb2 $1 {[%csl LRa1,LRb6]} 15. Rc1 axb6 16. Ne2 Nc5 17. O-O Qxa3 18. Rb1 Qa6 19. Nd4 Ne7 20. Rb4 h5 21. Rfb1 Nd7 22. h4 Qc8 23. Rb5 Kg8 24. Qg3 Nc6 25. Nf3 Ra4 26. Be3 Rg4 27. Qh2 Qc7 (27... Ne7 $17 28. R5b3 Nf5 29. Bxb6 Nxb6 30. Rxb6 Kh7) 28. Bxb6 $11 {[#]} Ncxe5 $1 {[%mdl 512]} 29. Ng5 $1 Qxc3 {Strongly threatening ...f6.} 30. Be3 g6 31. R5b3 Qc2 {...Qf5 is the strong threat.} 32. f4 Nc6 {Hoping for ...d4.} 33. g3 Qc4 $2 (33... Qf5 $1 $17 {and life is bright. aiming for ...f6.} 34. Qf2 d4 $1 {[%mdl 512]} 35. Bxd4 Rxg3+ {[%mdl 64] Deflection} 36. Rxg3 Qxb1+ 37. Kh2 Nxd4 {[%mdl 64] Overworked Piece} 38. Qxd4 Qa2+ 39. Kh3 Qd5 40. Qxd5 exd5) 34. Rb7 $16 Nf6 $2 (34... Qd3 $16 35. Re1 Nf8) 35. Ra1 (35. Rc1 $142 Qd3 36. Qf2) 35... Rxg5 $18 36. hxg5 Ng4 37. Qb2 $1 $40 {[%mdl 128] Intending Ra8+ and mate. Black is in trouble.} d4 38. Bf2 $1 {And now Ra8+ would win.} Nxf2 ({Black should try} 38... h4) 39. Kxf2 $16 ({Stronger than} 39. Qxf2 Kg7 $11) 39... h4 40. Ra8+ $2 (40. gxh4 $1 $18 {Threatens to win with Ra8+.} Rxh4 41. Kg3) 40... Kg7 $14 {( -> ...hxg3+)} 41. Rxh8 hxg3+ $2 {[%mdl 8192]} ({Black should play} 41... Kxh8 $14 42. Rxf7 (42. gxh4 Kg8 $11) 42... Qd3) 42. Kxg3 $18 {White threatens Rxf7+! and mate.} Qd3+ 43. Kh2 Kxh8 44. Rxf7 {[%mdl 4096] Endgame KQR-KQN} Qe3 45. Qg2 $2 (45. Qc2 $18 Qf3 46. Qg2 (46. Qxg6 Qf2+ 47. Kh1 Qf3+ 48. Kg1 Qg3+ 49. Kf1 Qf3+ 50. Ke1 Qe3+ 51. Kd1 Qf3+ 52. Kd2 Qf2+ 53. Kd1 Qf1+ 54. Kd2 Qf2+ 55. Kd3 Qf1+ 56. Kd2 Qf2+ $11) 46... Qxg2+ 47. Kxg2) 45... Kg8 $11 46. Rf6 Kg7 $2 {[%mdl 8192]} (46... d3 $11) 47. Qxc6 Qf2+ 48. Kh3 $2 (48. Qg2 {mates} Qh4+ 49. Qh3 Qf2+ 50. Kh1 Qe1+ 51. Kh2 Qf2+ 52. Kh1 Qe1+ 53. Kh2 Qf2+) 48... Qe3+ 49. Kh2 Qf2+ 50. Qg2 Qh4+ 51. Kg1 (51. Qh3 $142 Qf2+ 52. Kh1 Qe1+ 53. Kh2 Qf2+ 54. Kh1 Qe1+ 55. Kh2 Qf2+) 51... Qe1+ $18 52. Qf1 Qg3+ 53. Qg2 $2 (53. Kh1 $18 d3 54. Qd1 Qh3+ 55. Kg1) 53... Qe1+ $11 54. Kh2 Qh4+ 55. Qh3 Qf2+ {[#]} 56. Kh1 $1 Qe1+ 57. Kg2 Qe2+ 58. Kg3 Qe1+ 59. Kg4 {Threatening mate with Qh6+.} Qg1+ $2 {[%mdl 8192] [#]} (59... Qd1+ $11 60. Qf3 Qg1+ 61. Kh3 Qb1) 60. Qg3 $1 {White mates.} Qh1 61. Qf3 Qb1 62. Kg3 Qe1+ 63. Kh3 Qb1 64. Rxe6 Qf5+ 65. Qg4 {Accuracy: White = 49%, Black = 55%.} 1-0

[Event "3rd Stars Cup 2019"]
[Site "Anzali"]
[Date "2019.02.15"]
[Round "6.4"]
[White "Tiviakov, Sergei"]
[Black "Maghsoodloo, Parham"]
[Result "1/2-1/2"]
[WhiteElo "2610"]
[BlackElo "2666"]
[Annotator "TA"]
[PlyCount "29"]
[EventDate "2019.02.12"]
[EventType "schev"]
[EventCountry "IRI"]
[SourceTitle "playchess.com"]
[Source "ChessBase"]
[SourceQuality "1"]

{[%evp 14,29,37,10,30,22,23,33,48,22,18,15,14,9,34,14,32,35]} 1. e4 g6 2. d4 Bg7 3. c3 d6 4. Nf3 Nf6 5. Bd3 O-O 6. O-O Nbd7 7. Bg5 e5 8. Nbd2 Re8 {B07: Pirc Defence: Miscellaneous Systems} (8... b6 9. a4 a5 10. Bb5 Bb7 11. Re1 c6 12. Bf1 Qc7 13. dxe5 dxe5 14. Nc4 h6 15. Bh4 Ba6 16. Qd6 Qxd6 17. Nxd6 Bxf1 18. Kxf1 {1-0 (38) Adhiban,B (2666)-Naiditsch,A (2687) Doha 2016}) 9. Re1 b6 10. a4 $146 ({Predecessor:} 10. Qb3 Bb7 11. Bc4 Qe7 12. Bd3 Rac8 13. h3 c6 14. Nh2 Qe6 15. Qxe6 Rxe6 16. f4 exd4 17. cxd4 {½-½ (30) Santana,F-Calderon Diestro,M Matinhos 1999}) 10... a5 11. dxe5 dxe5 12. Qc2 h6 13. Bh4 Bb7 14. Rad1 Qe7 15. Bb5 1/2-1/2

[Event "3rd Stars Cup 2019"]
[Site "Anzali"]
[Date "2019.02.16"]
[Round "7.1"]
[White "Tabatabaei, M.Amin"]
[Black "Safarli, Eltaj"]
[Result "1-0"]
[WhiteElo "2590"]
[BlackElo "2681"]
[Annotator "TA"]
[PlyCount "75"]
[EventDate "2019.02.12"]
[EventType "schev"]
[EventCountry "IRI"]
[SourceTitle "playchess.com"]
[Source "ChessBase"]
[SourceQuality "1"]

{[%evp 15,75,27,33,17,27,14,47,54,73,62,70,73,75,71,101,101,112,111,93,110,105,80,80,71,91,81,54,55,58,71,124,61,89,45,55,47,167,167,162,169,158,105,118,118,66,19,18,15,464,464,627,264,675,158,122,128,117,-39,963,904,29996,29997]} 1. Nf3 Nf6 2. c4 e6 3. d4 d5 4. Nc3 Be7 5. Bf4 O-O 6. e3 Nbd7 7. a3 {D37: Queen's Gambit Declined: 5 Bf4} (7. Be2 dxc4 8. O-O a6 9. a4 c5 10. dxc5 Nxc5 11. Bxc4 Qxd1 12. Rfxd1 Bd7 13. Ne5 Rfd8 14. Nxd7 Rxd7 15. Kf1 {½-½ (30) Vidit,S (2711)-Safarli,E (2676) Porto Carras 2018}) 7... dxc4 8. Bxc4 a6 {LiveBook: 5 Games} 9. b4 {White is slightly better.} b6 $146 ({Predecessor:} 9... b5 10. Bd3 Bb7 11. e4 Nb6 12. Qe2 Ne8 13. O-O Nd6 14. Nd2 Bg5 15. Bxg5 Qxg5 {½-½ (30) Popov,M (2378)-Siddharth,S (2087) Voronezh 2017}) 10. d5 exd5 (10... b5 $5 {[%cal Rb5c4]} 11. Bb3 (11. dxe6 bxc4 12. exd7 Bxd7 $11) 11... Nb6 $14) 11. Nxd5 Nxd5 12. Bxd5 Ra7 13. Nd4 Nb8 14. Qb3 Bf6 15. Rd1 Qe8 16. O-O Bd7 17. Rc1 Ba4 18. Qa2 Bxd4 19. exd4 Qd7 20. Rfe1 Nc6 21. Qc4 Ne7 22. Be4 Ng6 (22... c6 $142) 23. Be5 ({Avoid the trap} 23. Bxc7 $2 Rc8 $19) (23. Bg3 $16) 23... Rd8 24. Bb1 ({But not} 24. Bxc7 $2 Rc8 $19) 24... c6 25. h4 {[%cal Bh2h4,Bh4h5][%mdl 32]} a5 (25... Nxe5 $14 26. dxe5 Qd4) 26. h5 $1 $18 {[%cal Rh5g6]} Nxe5 27. Rxe5 axb4 28. axb4 (28. Qxb4 $142 Bb5 29. Bc2) 28... Bb5 29. Qc2 g6 30. Rce1 Qxd4 31. h6 {Re8+ would kill now.} Kf8 $2 {[%mdl 8192]} (31... Rf8 $11) 32. Qc1 Qxb4 33. Qe3 (33. R5e4 $142 Qa3 34. Qd2 $3 {[%mdl 512]}) 33... Raa8 $2 (33... c5) 34. Re7 $2 (34. Ba2 $18 {White threatens Qf3 and mate.} Qd2 35. Re8+ $1 {[%mdl 512]} Rxe8 36. Qxd2 Rxe1+ 37. Qxe1 Rxa2 38. Qe5) 34... Qd4 $16 {Hoping for ...Qxe3.} 35. Qf3 $40 {[%csl Ge7][%cal Rf3f7][%mdl 1152] White has strong compensation. White is out for blood.} Bc4 {[#] And now ...Bd5 would win.} 36. R7e5 $2 ({Inferior is} 36. Qxc6 Be6 $15) (36. R7e4 $1 $16 {[%cal Re4d4]} Bd5 37. Rxd4 Bxf3 38. Rxd8+ Rxd8 39. gxf3) 36... Qh4 $2 {[%mdl 8192]} (36... Rd6 $15) 37. Qc3 $18 {Intending Re8+! and mate.} Rd4 {[#]} 38. Qa3+ $1 {[%mdl 512] Precision: White = 55%, Black = 40%.} 1-0

[Event "3rd Stars Cup 2019"]
[Site "Anzali"]
[Date "2019.02.16"]
[Round "7.2"]
[White "Pourramezanali, Amirreza"]
[Black "Alekseev, Evgeny"]
[Result "1/2-1/2"]
[WhiteElo "2529"]
[BlackElo "2639"]
[Annotator "TA"]
[PlyCount "66"]
[EventDate "2019.02.12"]
[EventType "schev"]
[EventCountry "IRI"]
[SourceTitle "playchess.com"]
[Source "ChessBase"]
[SourceQuality "1"]

{[%evp 18,66,24,18,22,18,24,0,0,-9,0,0,0,0,0,0,0,0,0,0,0,0,0,0,0,0,0,0,26,37,37,0,0,0,0,0,0,-56,-46,-89,-29,-33,-20,-25,-12,-20,-12,-29,-25,-29,-22]} 1. e4 e5 2. Nf3 Nc6 3. Bc4 Bc5 4. c3 Nf6 5. d3 d6 6. O-O O-O 7. Nbd2 a6 8. a4 Ba7 9. h3 Ne7 10. Re1 Ng6 {C54: Giuoco Piano: 4 c3 Nf6, main lines with 5 d4 and 5 d3} 11. d4 h6 12. Bf1 Re8 {The position is equal.} 13. Qc2 Nh7 14. dxe5 dxe5 15. Nc4 Qf6 {[#]} 16. Ne3 $146 Nf4 17. Nf5 g6 18. Bxf4 $1 ({Reject} 18. Nxh6+ Kg7 $17) 18... gxf5 19. Be3 Bxe3 20. fxe3 Ng5 21. Nxg5 Qxg5 22. Kh2 Be6 23. exf5 Bxf5 24. Qb3 Be4 25. Qc4 Bc6 $36 {[%mdl 2048] White is under pressure.} 26. b4 {[#] next b5 is good for White.} Bxa4 $1 {[%mdl 512]} 27. Qxc7 ({Don't play} 27. Rxa4 b5 $17) (27. Qa2 $11 Bc6 28. Bc4) 27... Bc6 $15 28. e4 Rad8 (28... Qf4+ $17 29. Kg1 Rad8) 29. Ra2 $11 Rd7 30. Qb6 Re6 31. Qe3 Rf6 {[#] Hoping for ...Qxe3.} 32. Qxg5+ hxg5 33. Ra5 Re7 {Accuracy: White = 66%, Black = 72%.} 1/2-1/2

[Event "3rd Stars Cup 2019"]
[Site "Anzali"]
[Date "2019.02.16"]
[Round "7.3"]
[White "Maghsoodloo, Parham"]
[Black "Bosiocic, Marin"]
[Result "0-1"]
[WhiteElo "2666"]
[BlackElo "2618"]
[Annotator "TA"]
[PlyCount "188"]
[EventDate "2019.02.12"]
[EventType "schev"]
[EventCountry "IRI"]
[SourceTitle "playchess.com"]
[Source "ChessBase"]
[SourceQuality "1"]

{[%evp 16,188,-50,-65,-45,-56,-46,-72,-53,-68,-63,-75,-74,-102,-100,-104,-95,-106,-68,-78,-76,-69,-70,-84,-79,-140,-135,-165,-157,-129,-125,-110,-108,-281,-262,-254,-234,-229,-215,-215,-220,-262,-250,-256,-200,-261,-199,-199,-189,-196,-150,-150,0,-152,-129,-129,-98,-96,-72,-86,-18,-50,-50,-51,-58,-59,-54,-73,-73,-112,-56,-238,-225,-181,-87,-129,-135,-128,-128,-132,-128,-128,-128,-128,-135,-135,-135,-135,0,-135,-135,-135,-135,-314,-316,-316,-316,-316,-316,-316,-275,-1152,-1093,-1152,-1147,-1146,-1142,-1046,-1005,-1096,-1052,-1052,-1052,-1038,-1038,-958,0,-1026,-1010,-1015,-1000,-1008,-997,-994,-984,-952,-906,-958,0,-962,-557,-949,-785,-982,-735,-845,-814,-804,-818,-989,-981,-974,-869,-818,-804,-797,-789,-775,-756,-702,-627,-500,-489,-371,-436,-403,-344,-295,0,-861,-740,-2438,-5169,-5591,-5403,-4634,-4627,-2096,-1962,-1717,-1615,-29984,-29984,-29981,-29982]} 1. Nf3 d5 2. c4 d4 3. d3 Nc6 4. g3 e5 5. Bg2 Bb4+ 6. Bd2 a5 {[%cal Ba7a5,Ba5a4][%mdl 32]} 7. O-O Nf6 8. a3 Be7 9. Bg5 O-O {A07: Réti Opening: New York and Capablanca Systems} 10. Nbd2 a4 11. Ne1 $146 ({Predecessor:} 11. b4 axb3 12. Nxb3 Rxa3 13. Rxa3 Bxa3 14. Qa1 Be7 {0-1 (47) Wiewiora,E (2320)-Rodshtein,M (2699) Katowice 2017}) 11... h6 {Black is better.} 12. Bxf6 $1 Bxf6 13. Nc2 Be7 14. b4 axb3 $1 15. Nxb3 Na5 16. Nd2 Be6 17. Rb1 c6 18. f4 exf4 19. Rxf4 Bg5 20. Re4 (20. Rf1 $142) 20... Bf5 $17 21. Re5 Bg6 22. Ne4 Qc7 23. Rxg5 hxg5 24. Qd2 $2 (24. Nxg5 $17 {is the only way for White.} Rfe8 25. Nh3) 24... Bxe4 $19 25. Bxe4 Qe5 26. Bf3 Rfe8 27. Kg2 g6 28. g4 Kg7 29. Qe1 Rad8 30. Qg3 Qxg3+ 31. Kxg3 Kf6 32. Ne1 Rh8 33. Bg2 Rhe8 (33... Kg7 $17 34. Nf3 Rhe8) 34. Rb2 $2 (34. Bf3 $1 $11 Rd6 35. h3) 34... Re3+ 35. Nf3 Rde8 36. Kf2 c5 37. Ng1 R3e6 ({Better is} 37... Rb8 $17 {Threatening ...Re7.} 38. h3 b6) 38. Bd5 Ra6 39. Nf3 b6 40. Rb1 Re7 {Strongly threatening ...Nb7.} 41. Nd2 $1 Ke5 42. Ne4 Kf4 (42... f6 $17 43. Kg3 f5 44. Nxg5 Kf6) 43. h3 $2 (43. Rf1 $15) 43... f5 44. Nd6 {[#]} Ke5 ({Don't take} 44... fxg4 45. hxg4 Kxg4 46. Nf7 $15) (44... b5 $1 $19 45. Rxb5 Rxd6 46. Rxa5 fxg4 47. hxg4 Kxg4 48. Rxc5 Rf6+ 49. Ke1 Kf4) 45. Nc8 Re8 46. Nxb6 Kd6 {aiming for ...Rb8.} 47. Rb5 Rb8 48. Na4 Rxb5 49. cxb5 $17 {[%mdl 4096] Endgame KRN-KBN} Ra7 50. Nb6 Kc7 51. Na8+ Kd6 52. Nb6 Rh7 53. Kg2 Rh8 54. Bf7 $2 (54. a4 $17) 54... Rb8 $19 55. Nc4+ Nxc4 56. dxc4 {KR-KB} Ra8 57. Bxg6 fxg4 ({Less strong is} 57... Rxa3 58. Bxf5 Re3 59. Bd3 $17) 58. hxg4 $2 (58. Kg3 gxh3 59. Kxh3) 58... Rxa3 59. Bd3 Ra8 60. Kf3 Re8 61. Be4 Kc7 62. Bd5 Re3+ 63. Kf2 Kb6 64. Ke1 Rb3 65. Be4 Re3 $2 (65... Kc7 $19 {White must now prevent ...Kd6.} 66. Kd2 Re3) 66. Bf3 $2 {[%mdl 8192]} (66. Bd5 $11) 66... Ka5 67. Kd2 Rb3 68. Bd5 Ka4 69. Be4 Kb4 70. Bd5 Ka5 71. Be4 Kb6 $2 (71... Rg3 $19 72. Bf3 Rg1) 72. Bd3 $2 {[%mdl 8192]} (72. Ke1 $11) 72... Kc7 73. Ke1 Kd6 74. Kf2 Ke5 75. Kg3 Ra3 76. Kf3 Ra1 77. Kg3 Rg1+ 78. Kf3 Rf1+ 79. Kg3 Rf8 80. Bf5 Rf7 81. Bg6 Rf6 82. Bf5 Rf8 83. Bd3 Kd6 84. Be4 Kc7 85. Bf3 Re8 86. Kf2 Re3 $2 ({Black should try} 86... Re6 $19 {Hoping for ...Re3.} 87. Ke1 Re7) 87. Ke1 $2 {[%mdl 8192]} (87. Bd5 $11) 87... Rb3 88. Kf2 Kd6 89. Be4 Ke5 90. Bd3 {[#]} Kf4 $1 91. Bf5 Rb2 92. Ke1 Rb4 93. Be6 Ke3 {[%cal Rb4b1]} 94. Kd1 Rb2 {Accuracy: White = 38%, Black = 66%.} 0-1

[Event "3rd Stars Cup 2019"]
[Site "Anzali"]
[Date "2019.02.16"]
[Round "7.4"]
[White "Firouzja, Alireza"]
[Black "Tiviakov, Sergei"]
[Result "1/2-1/2"]
[WhiteElo "2618"]
[BlackElo "2610"]
[Annotator "TA"]
[PlyCount "176"]
[EventDate "2019.02.12"]
[EventType "schev"]
[EventCountry "IRI"]
[SourceTitle "playchess.com"]
[Source "ChessBase"]
[SourceQuality "1"]

{[%evp 17,176,20,44,15,29,29,29,34,29,31,29,35,45,22,37,39,43,31,37,42,76,79,79,83,107,97,109,44,36,11,52,31,31,38,37,38,103,93,83,83,102,66,58,0,0,0,0,0,0,0,81,81,56,58,97,0,30,0,0,0,31,0,6,0,8,8,8,8,8,8,8,8,8,8,8,0,8,8,8,8,8,0,8,8,49,0,0,0,8,0,8,0,0,0,8,0,0,0,8,8,8,8,8,8,8,8,8,8,8,8,8,8,8,8,8,8,8,8,8,8,8,8,8,8,8,8,8,8,10,10,10,10,10,10,10,10,10,10,11,8,8,0,0,0,0,0,0,0,0,0,0,0,0,0,0,0,0,0,0,0,0]} 1. e4 e6 2. d4 d5 3. Nc3 dxe4 4. Nxe4 Nd7 5. Nf3 Ngf6 6. Bd3 c5 7. Nxf6+ Nxf6 8. Be3 Qc7 {C10: French with 3 Nc3: Unusual Black 3rd moves and 3...dxe4} 9. Qe2 Bd7 {LiveBook: 5 Games} (9... a6 10. O-O b6 11. c4 cxd4 12. Bxd4 Bb7 13. Ne5 Bc5 14. Bc3 Rd8 15. Rad1 Bd4 16. Bxd4 Rxd4 {½-½ (53) Wei,Y (2739)-Ivanchuk,V (2729) Medias 2017}) 10. O-O-O O-O-O 11. dxc5 $146 ({Predecessor:} 11. Kb1 Kb8 12. dxc5 Bxc5 13. Bxc5 Qxc5 14. Ne5 Rhf8 15. Rhe1 Bc6 16. g3 {½-½ (36) Kloeg,J (2200)-Merrell,W (2170) ICCF email 2007}) 11... Bxc5 12. Bxc5 Qxc5 13. Ne5 Be8 14. Rhe1 Nd7 15. Nf3 Nb8 16. Kb1 h6 17. h4 Nc6 18. Be4 Rf8 19. Rxd8+ Nxd8 20. Qd2 Nc6 21. a3 Bd7 {[#]} 22. b4 (22. Re3 $1 $16) 22... Qb6 $1 $14 23. c4 {[%cal Bc2c4,Bc4c5][%mdl 32]} a6 24. c5 Qc7 25. Qc3 f6 26. Nd2 {[%cal Bf3d2,Bd2c4,Bc4d6][%mdl 32]} Ne5 ({Black should play} 26... Na7 $14) 27. f4 $16 Nf7 28. Nc4 {aiming for Qg3.} Kb8 29. g3 e5 30. Bd5 (30. Bg6 $14) 30... exf4 $11 31. Bxf7 Rxf7 32. Nd6 Rf8 33. gxf4 Bc6 (33... g5 $11 {remains equal.}) 34. f5 $16 Rd8 35. Qd4 Rd7 36. Ka1 (36. Re6 $16) 36... Re7 $11 37. Re3 Rxe3 38. Qxe3 b6 39. Kb2 Bd7 40. Qe4 a5 41. Qd5 (41. Kb3 {seems wilder.} axb4 42. axb4 h5 43. Kb2 bxc5 44. bxc5 Qc6 45. Qxc6 Bxc6 46. Kc3) 41... axb4 42. axb4 bxc5 $1 43. bxc5 Qc6 $132 {[%mdl 2048] Black is not keeping still} 44. Qxc6 Bxc6 {[%mdl 4096] Endgame KB-KN} 45. Kc3 Kc7 46. Kd4 Kd8 47. Kc4 Ke7 48. Kb4 {Black should prevent Ka5.} Kd7 49. Ka5 Kc7 50. Nb5+ Kb7 51. Nd6+ Kc7 {The position is equal.} 52. Kb4 Kd7 53. Kc4 Ke7 54. Kc3 Kd7 55. Kb4 Kc7 56. Ka5 Bd7 57. Kb4 Bc6 58. Nb5+ Kd7 59. Nd4 Be4 60. Kb5 Bd3+ 61. Kb6 Be4 62. h5 Bd5 63. Ne6 Bf3 64. Nxg7 {[#] And now Ne6 would win.} Be4 65. Kb5 Bd3+ 66. Kb4 Be2 67. Kc3 Bg4 68. Kc4 Kc6 69. Kd4 Kd7 70. Ke4 Kc6 71. Ne8 Bxh5 72. Nxf6 Bd1 73. Kd4 {Hoping for Nd5.} h5 $1 74. Ne4 h4 75. Ng5 {Strongly threatening f6.} Bb3 76. f6 Kd7 77. Ke5 Ba2 78. c6+ Kc7 $1 79. Ne6+ Bxe6 $1 80. Kxe6 {Threatening mate with f7. KPP-KP} h3 81. f7 h2 82. f8=Q {Intending Qd6+ and mate.} h1=Q {KQ-KQ} 83. Qd6+ Kb6 84. Qb8+ Kc5 85. Qa7+ Kb5 86. c7 Qe4+ 87. Kd7 Qf5+ 88. Kd8 Qf8+ {Precision: White = 61%, Black = 62%.} 1/2-1/2